Služby cestovného ruchu 1
Salvato in:
| Autore principale: | |
|---|---|
| Natura: | Libro |
| Lingua: | slovacco |
| Pubblicazione: |
Bratislava
Slovenské pedagogické nakladateľstvo - Mladé letá, s.r.o.
2010
|
| Soggetti: | |
| Tags: |
Nessun Tag, puoi essere il primo ad aggiungerne!!
|
MARC
| LEADER | 00000nam a2200000 4500 | ||
|---|---|---|---|
| 001 | 0129520 | ||
| 005 | 20230109114918.1 | ||
| 020 | |a 978-80-10-01831-4 | ||
| 041 | 0 | |a slo | |
| 044 | |a SK | ||
| 245 | 1 | 0 | |a Služby cestovného ruchu 1 |c Ján Orieška |
| 264 | 1 | |a Bratislava |b Slovenské pedagogické nakladateľstvo - Mladé letá, s.r.o. |c 2010 | |
| 300 | |a 150 s. | ||
| 610 | 2 | 0 | |a ruch cestovný |
| 610 | 2 | 0 | |a turistika |
| 610 | 2 | 0 | |a služby |
| 610 | 2 | 0 | |a kvalita |
| 610 | 2 | 0 | |a služby informačné |
| 610 | 2 | 0 | |a služby dopravné |
| 610 | 2 | 0 | |a ubytovanie |
| 610 | 2 | 0 | |a stravovanie spoločné |
| 610 | 2 | 0 | |a rekreácia |
| 610 | 2 | 0 | |a šport |
| 610 | 2 | 0 | |a kultúra |
| 610 | 2 | 0 | |a Slovensko |
| 100 | 1 | |a Orieška, Ján | |